Los 10 pasos para construir el tablero de comando /

Guardado en:
Autor Principal: Biasca, Rodolfo Eduardo
Formato: Libro
Publicado: Madrid : El Cid, 2013
Materias:
Etiquetas: Agregar Etiqueta
Sin Etiquetas, Sea el primero en etiquetar este registro!
LEADER 00648nam a22002175a 4500
001 CEM.cems014119
008 130507s2013##################000#0#####d
005 20210706091131.0
003 CEMS
245 1 0 |a Los 10 pasos para construir el tablero de comando /  |c Rodolfo Eduardo Biasca 
260 |a Madrid :  |b El Cid,  |c 2013 
300 |a 36 p. 
590 |a 1178.013 
100 1 |a Biasca, Rodolfo Eduardo 
653 |a Tablero de comando 
653 |a Administración 
653 |a Administración de empresas 
653 |a Administración estratégica 
653 |a Gestión 
653 |a Biblioteca TC 
859 |a CEMS  |b BIB. CEMS - 11 de abril  |h TC  |p 1178.013  |t Ej.1